• 首页
  • 本馆介绍
  • 公告通知
  • 最新文献
  • 馆藏检索
  • 电子资源
  • 读者导购
  • 参考咨询
  • 我的图书馆
  • 登录
  • 详细信息显示
  • 放入我的书架
  • 预约/预借图书
  • 作者相关作品
  • 分类相关作品
  • 丛书相关作品
  • 出版社相关作品

书目信息

  • 表格格式
  • 工作单格式
  • 卡片格式
题名:
误差理论常见问题与解答
    
 
作者: 肖明耀 著
分册:  
出版信息: 北京   计量出版社  1980
页数: 82页
开本: 19cm
丛书名:
单 册:
中图分类: TH701
科图分类:
主题词: 仪器 , 仪表 , 误差理论--问题--解题 , 仪表装置
电子资源:
ISBN:
000 00727nam0 2200277 45 960
001 0640211374
002 0195038021
005 20060926083239.26
010    @dCNY0.47
091    @a15210.2
100    @a19950517d1980 k y0chiy0121 ea
101 0  @achi
102    @aCN@b110000
105    @ay z 000yy
106    @ar
200 10 @a误差理论常见问题与解答@f肖明耀著@Fxiao ming yao zhu@Awu cha li lun chang jian wen ti yu jie da
210    @a北京@c计量出版社@d1980
215    @a82页@d19cm
606 0  @a仪器
606 0  @a仪表
606    @a误差理论@x问题@x解题
606 0  @a仪表装置
690    @aTH701@v3
701  0 @a肖明耀@4著@Axiao ming yao
801  0 @aCN@b上海图书馆 @c20060926
905    @a10447@dTH701@e35
    
    误差理论常见问题与解答/肖明耀著.-北京:计量出版社,1980
    82页;19cm
    
    
    ISBN :CNY0.47
    
●
相关链接 在E读中查询图书 在五车中查询图书 在当当中查询图书 在豆瓣中查询图书


正题名:误差理论常见问题与解答     索取号:TH701/35         预约/预借

序号 登录号 条形码 馆藏地/架位号 状态 备注
1 0422935   204229352   密集书库/ [索取号:TH701/35] 在馆    
2 0438765   204387653   密集书库/ [索取号:TH701/35] 在馆    
唐山师范学院图书馆 欢迎您!
大连网信软件有限公司© 版权所有